Flags of Countries That Border Mozambique - Statistics

General Stats
  • This quiz has been taken 1,622 times
  • The average score is 5 of 6
Answer Stats
Picture Answer % Correct
South Africa
100%
Tanzania
93%
Eswatini
88%
Zambia
88%
Zimbabwe
87%
Malawi
85%
No matching quizzes found
Score Distribution
Percent of People with Each Score
Percentile by Number Answered
Your Score History
You have not taken this quiz